Matter and Chemistry
| Format: | Book |
|---|---|
| Published: |
Alexandria, Virginia, USA :
Time Life Asia ,
1994
|
| Series: | Time Life:Illustrated Encyclopedia of Scinece and Nature
|
| Subjects: |
MARC
| LEADER | 00000cam a2200000 7i4500 | ||
|---|---|---|---|
| 001 | 0000056167 | ||
| 005 | 20151207.0 | ||
| 008 | 151207 | ||
| 020 | |a 0783529376 | ||
| 090 | 0 | 0 | |a R500 |b MAT |
| 245 | 0 | 0 | |a Matter and Chemistry |
| 260 | |a Alexandria, Virginia, USA : |b Time Life Asia , |c 1994 | ||
| 300 | |a 149pg | ||
| 490 | 1 | |a Time Life:Illustrated Encyclopedia of Scinece and Nature | |
| 500 | |a Includes Index and Glossary | ||
| 650 | 0 | |a Encylopedia |x Matter and Chemistry | |
| 999 | |a 0000812460 |b Book |c REFERENCE |e Cawangan Segamat | ||
| 999 | |a 0000947092 |b Book |c REFERENCE |e Cawangan Bukit Gambir | ||